000 00876nam a22002177a 4500
999 _c6697
_d6697
003 AR-CdUCM
008 190319b ||||| |||| 00| 0 eng d
040 _aMUNICIPALIDAD PROVINCIAL DEL CUSCO
_cBIBLIOTECA MUNICIPAL DEL CUSCO
082 _22ed.
_a709 /
_bP56
100 _aPijoán, José
_918769
245 _aSumma Artis, Historia general del arte :
_bArte del período humanístico trecento y cuatrocento /
260 _aMadrid
_bEspasa-Calpe, S.A.,
_c1954
300 _a641 páginas ;
_bIlustraciones en color y b/n.
_c27 cm.
500 _aDañado, hojas mutiladas
505 _aLa ciudad y la casa -- Monumentos civiles -- Indicios del Renacimiento -- La influencia gótica en Italia -- Escultura Pisana trecentista...
650 _aHistoria del Arte
_91647
650 _aPintura
_93081
650 _aArte humanístico
_918841
942 _2ddc
_cLIBROS
945 _admma